Selección de un aditivo para modificar el índice de viscosidad de bases lubricantes nacionales
Gespeichert in:
| 1. Verfasser: | |
|---|---|
| Format: | Buch |
| Veröffentlicht: |
San José, C.R.
1999
|
| Schlagworte: | |
| Tags: |
Tag hinzufügen
Keine Tags, Fügen Sie den ersten Tag hinzu!
|
MARC
| LEADER | 00000nam a2200000Ia 4500 | ||
|---|---|---|---|
| 003 | 000828 | ||
| 005 | 20221231144220.0 | ||
| 008 | 140114s1999 cr a m 000 ||s d | ||
| 040 | |c cru CEDI | ||
| 090 | |a TFG 3939 | ||
| 100 | |a Bou Herrera, Rex Marcelo |9 8870 | ||
| 245 | |a Selección de un aditivo para modificar el índice de viscosidad de bases lubricantes nacionales | ||
| 260 | |c 1999 |a San José, C.R. | ||
| 300 | |a xi, 107 hojas : ilustraciones(algunas a color). | ||
| 500 | |a Proyecto de graduación (licenciatura en ingeniería química)--Universidad de Costa Rica. Facultad de Ingeniería. Escuela de Ingeniería Química | ||
| 650 | |x MECANICA DE FLUIDOS |x VISCOSIDAD |x LUBRICANTES |9 8871 | ||
| 942 | |c TFG | ||
| 999 | |c 18567 |d 18567 | ||
